세계의 바다들 - Statistics

General Stats
  • This quiz has been taken 5 times
  • The average score is 46 of 100
Answers on the Map
Answers color-coded by a green-red scale on the quiz's map according to % correct below.
 
Answer Stats
Body of Water % Correct
남중국 해
100%
대서양
100%
동중국 해
100%
동해
100%
인도양
100%
태평양
100%
홍해
100%
황해
100%
흑해
100%
발트 해
75%
베링 해
75%
벵골 만
75%
북극해
75%
북해
75%
수에즈 만
75%
아라비아 해
75%
오호츠크 해
75%
지중해
75%
카리브 해
75%
카스피 해
75%
파나마 만
75%
그린란드 해
50%
기니 만
50%
노르웨이 해
50%
도쿄 만
50%
래브라도 해
50%
말라카 해협
50%
멕시코 만
50%
모잠비크 해협
50%
배핀 만
50%
백해
50%
비스마르크 해
50%
비스케이 만
50%
샌프란시스코 만
50%
술라웨시 해
50%
아덴 만
50%
아드리아 해
50%
아일랜드 해
50%
아조프 해
50%
안다만 해
50%
알래스카 만
50%
알보란 해
50%
에게 해
50%
캘리포니아 만
50%
타이 만
50%
태즈먼 해
50%
통킹 만
50%
티레니아 해
50%
티모르 해
50%
페르시아 만
50%
핀란드 만
50%
필리핀 해
50%
허드슨 만
50%
그레이트 오스트레일리아 만
25%
데이비스 해협
25%
동시베리아 해
25%
라카다이브 해
25%
랍테프 해
25%
리가 만
25%
리구리아 해
25%
리오 데 라 플라타
25%
마르마라 해
25%
마카사르 해협
25%
메인 만
25%
몰루카 해
25%
반다 해
25%
바렌츠 해
25%
발레아레스 해
25%
배스 해협
25%
보니 만
25%
보트니아 만
25%
보퍼트 해
25%
북서항로
25%
사우 해
25%
산호 해
25%
세인트로렌스 만
25%
세일리시 해
25%
솔로몬 해
25%
술루 해
25%
스람 해
25%
스카게라크 해협
25%
아나디르 만
25%
아라푸라 해
25%
아카바 만
25%
영국 해협
25%
오만 만
25%
이오니아 해
25%
자바 해
25%
추크치 해
25%
카라 해
25%
카테가트 해협
25%
카펜타리아 만
25%
쿡 해협
25%
켈트 해
25%
토미니 만
25%
펀디 만
25%
페초라 해
25%
플로레스 해
25%
할마헤라 해
25%
허드슨 해협
25%
No matching quizzes found
Score Distribution
Percent of People with Each Score
Percentile by Number Answered
Your Score History
You have not taken this quiz